Exposición que eleva el Fomento del Trabajo Nacional al... Ministro de Hacienda sobre las causas de la elevación de los cambios con el extranjero. (Record no. 190215)

MARC details
000 -LEADER
campo de control de longitud fija 00572nam a2200157 i 4500
001 - NÚMERO DE CONTROL
campo de control 190215
003 - IDENTIFICADOR DE NÚMERO DE CONTROL
campo de control ES-MaACL
005 - FECHA Y HORA DE LA ÚLTIMA TRANSACCIÓN
campo de control 20250826083219.0
008 - DATOS DE LONGITUD FIJA--INFORMACIÓN GENERAL
campo de control de longitud fija 200916s1898 sp |||| | spa d
245 00 - MENCIÓN DEL TÍTULO
Título Exposición que eleva el Fomento del Trabajo Nacional al... Ministro de Hacienda sobre las causas de la elevación de los cambios con el extranjero.
260 ## - PUBLICACIÓN, DISTRIBUCIÓN, ETC.
Lugar de publicación, distribución, etc. [Barcelona :
Nombre del editor, distribuidor, etc. s.n.,
Fecha de publicación, distribución, etc. 1898] (
Fabricante Tip. Española)
300 ## - DESCRIPCIÓN FÍSICA
Extensión 8 p. ;
Dimensiones 31 cm.
710 2# - ENTRADA AGREGADA--NOMBRE DE ENTIDAD CORPORATIVA
Nombre de entidad corporativa o nombre de jurisdicción como elemento de entrada Fomento del Trabajo Nacional (Cataluña)
9 (RLIN) 4136
852 ## - LOCALIZACIÓN
Ubicación ES-MaACL
Número de control de estantería T-787-F-18
Holdings
Estatus retirado Estado de pérdida Estado de daño No para préstamo Colección Biblioteca de origen Biblioteca actual Ubicación en estantería Fecha de adquisición Fuente de adquisición Total de préstamos Signatura topográfica completa Código de barras Visto por última vez Precio de reemplazo Tipo de ítem Koha
        Colección de folletos Biblioteca del Ateneo de Madrid Biblioteca del Ateneo de Madrid Depósito folletos 21/05/2005     T-787-F-18 1202006 23/02/2023 23/02/2023 Folleto